| 000 | 00655nam a22002177a 4500 | ||
|---|---|---|---|
| 005 | 20150922105050.0 | ||
| 010 | _aENG-113805 | ||
| 020 |
_a9788180387739 _c695.00 |
||
| 035 | _aEN-97337 | ||
| 037 | _bDBAD/PUB | ||
| 082 | _a345.54 | ||
| 100 | _aPillai, P.S.A. | ||
| 245 |
_aP.S.A. Pillai's criminal law / _cby P.S.A. Pillai [and] K.I. Vibhute |
||
| 250 | _a11th ed | ||
| 260 |
_aGurgaon _bLexisNexis _c2012 |
||
| 270 |
_a14th Floor, Building No.10, Tower-B, DLF Cyber City, Phase-II _bGurgaon _e122002 |
||
| 300 |
_acii,937p. _c25cm(pbk) |
||
| 500 | _aIncludes index | ||
| 700 | _a Vibhute, K.I. | ||
| 942 |
_2ddc _cEN _mPIL _h345.54 |
||
| 999 |
_c95586 _d95586 |
||